| 000 | 00412nam a22001697a 4500 | ||
|---|---|---|---|
| 005 | 20160628153903.0 | ||
| 008 | 160628b xxu||||| |||| 00| 0 eng d | ||
| 020 | _a0-415-24888-4 | ||
| 041 | _aeng | ||
| 082 | _b10784 | ||
| 100 |
_aJackson, Paul and Soumi, Raima _93107 |
||
| 245 | _aBusiness and Workplace Redesign | ||
| 260 |
_bRoutledge _c2003 |
||
| 300 | _a169 | ||
| 650 |
_aManagement _9241 |
||
| 942 | _cBK | ||
| 999 |
_c4528 _d4527 |
||